| 000 | 01344cam a2200289zu 4500 | ||
|---|---|---|---|
| 001 | 10295021 | ||
| 003 | FRCYB10295021 | ||
| 005 | 20251020123147.0 | ||
| 006 | m o d | ||
| 007 | cr un | ||
| 008 | 251020s2005 fr | o|||||0|0|||fre d | ||
| 020 | _a9782738012029 | ||
| 035 | _aFRCYB10295021 | ||
| 040 |
_aFR-PaCSA _bfr _c _erda |
||
| 100 | 1 | _aMathieu, Nicole | |
| 245 | 0 | 1 |
_aLa ville durable, du politique au scientifique _bEdition 2005 _c['Mathieu, Nicole', 'Guermond, Yves'] |
| 264 | 1 |
_bEditions Quae _c2005 |
|
| 300 | _a p. | ||
| 336 |
_btxt _2rdacontent |
||
| 337 |
_bc _2rdamdedia |
||
| 338 |
_bc _2rdacarrier |
||
| 650 | 0 | _a | |
| 700 | 0 | _aMathieu, Nicole | |
| 700 | 0 | _aGuermond, Yves | |
| 856 | 4 | 0 |
_2Cyberlibris _uhttps://international.scholarvox.com/netsen/book/10295021 _qtext/html _a |
| 520 | _aLes politiques des villes seront-elles modifiées par le développement durable ? À son tour, le développement durable introduit-il une innovation scientifique ? Chercheurs et praticiens de disciplines variées tentent à partir de leur expérience de répondre à cette question « Qu’est-ce que la ville durable ? » sans en éviter les complexes contradictions. Public : scientifiques, ingénieurs, urbanistes et architectes, décideurs, mais aussi enseignants et étudiants du supérieur. | ||
| 999 |
_c1553200 _d1553200 |
||